banner-ar

اراجون: شاعر المقاومة / (Record no. 47671)

MARC details
000 -الفاتح
حقل البيانات ثابتة الطول 00741nam a2200229Ia 4500
008 - عناصر البيانات ثابتة الطول - معلومات عامة
حقل البيانات ثابتة الطول 140319s9999 xx 000 0 ara d
040 ## - مصدر الفهرسة
وكالة الفهرسة الأصلية GCL /
وكالة النسخ GCL
082 04 - رقم تصنيف ديوى العشرى
رقم التصنيف 928.44
رقم المادة ك ا
100 1# - المدخل الرئيسى - إسم شخصى
الإسم الشخصى عبدالوهاب البياتى
245 10 - بيان العنوان
العنوان اراجون: شاعر المقاومة /
بيان المسئوليه,etc عبدالوهاب البياتى
700 1# - المدخل الاضافى - اسم شخصى
الإسم الشخصى كولى, مالكولم
700 1# - المدخل الاضافى - اسم شخصى
الإسم الشخصى رودس، بيتر ك
700 1# - المدخل الاضافى - اسم شخصى
الإسم الشخصى احمد مرسى
300 ## - الوصف المادى
التعداد 122ص
490 ## - بيان السلسلة
عنوان السلسلة مجموعة المعارف الشعرية
رقم المجلد/ التعيين التسلسلي 0
650 04 - المدخل الاضافى بالموضوع-مصطلح موضوعى
مصطلح موضوعي الادب الفرنسى المترجم
650 04 - المدخل الاضافى بالموضوع-مصطلح موضوعى
مصطلح موضوعي الشعر الفرنسى المترجم
650 04 - المدخل الاضافى بالموضوع-مصطلح موضوعى
مصطلح موضوعي الشعراء الفرنسيون
650 04 - المدخل الاضافى بالموضوع-مصطلح موضوعى
مصطلح موضوعي اراجون
942 ## - عناصر المدخل الإضافي( كوها)
مصدر التصنيف او مخطط الترفيف Dewey Decimal Classification
Koha [default] item type كتاب
Holdings
حالة التراجع حالة الفقد حالة تلف ليس للاعارة المكان المؤقت الموقع الحالى تاريخ الاكتساب اجمالي اﻻعارات رقم الطلب الباركود تاريخ اخر مشاهدة تاريخ تفعيل السعر نوع وعاء كوها
        مكتبة القاهرة الكبرى مكتبة القاهرة الكبرى 03/26/2014   928.44\ك ا 114969 03/26/2014 03/26/2014 كتاب

Powered By

EGPV